Gateway homes unrealistic (Record no. 73282)
[ view plain ]
| 000 -LEADER | |
|---|---|
| fixed length control field | 01368cam a2200217 4500 |
| 008 - FIXED-LENGTH DATA ELEMENTS--GENERAL INFORMATION | |
| fixed length control field | 030827n2003 000 0 eng u |
| 035 ## - SYSTEM CONTROL NUMBER | |
| System control number | (Sirsi) u123375 |
| 245 ## - TITLE STATEMENT | |
| Title | Gateway homes unrealistic |
| 260 ## - PUBLICATION, DISTRIBUTION, ETC. | |
| Date of publication, distribution, etc. | 2003 |
| 490 ## - SERIES STATEMENT | |
| Series statement | Regeneration and Renewal |
| Volume/sequential designation | 22 August 2003, 9(1) |
| 520 ## - SUMMARY, ETC. | |
| Summary, etc. | A report commissioned by the ODPM has highlighted the unfeasibility of the government's target of delivering 158 500 homes in the Thames Gateway by 2016. The report by consultants Roger Tym and Partners and Llewelyn Davies studies the relationship between transport and development and claims that government needs to revise its targets to 120 000 homes and 150 000 new jobs. The report questions the role of transport in the development and advocates that government invests more into the public transport system particularly a rail based system rather than rely on buses to maximise development opportunities. "The relationship between transport and development in the Thames Gateway" is available on the ODPM website at http: www.odpm.gov.uk/stellent/groups/odpm_communities/documents/page/odpm_comm_023468-04.hcsp. |
| 590 ## - LOCAL NOTE (RLIN) | |
| Local note | WB |
| 650 ## - SUBJECT ADDED ENTRY--TOPICAL TERM | |
| Topical term or geographic name entry element | THAMES GATEWAY |
| 650 ## - SUBJECT ADDED ENTRY--TOPICAL TERM | |
| Topical term or geographic name entry element | HOUSING TARGETS |
| 650 ## - SUBJECT ADDED ENTRY--TOPICAL TERM | |
| Topical term or geographic name entry element | HOUSING POLICY |
| 650 ## - SUBJECT ADDED ENTRY--TOPICAL TERM | |
| Topical term or geographic name entry element | PUBLIC TRANSPORT |
| 650 ## - SUBJECT ADDED ENTRY--TOPICAL TERM | |
| Topical term or geographic name entry element | PLANNING POLICY |
| 650 ## - SUBJECT ADDED ENTRY--TOPICAL TERM | |
| Topical term or geographic name entry element | GOVERNMENT POLICY |
| 690 ## - LOCAL SUBJECT ADDED ENTRY--TOPICAL TERM (OCLC, RLIN) | |
| Topical term or geographic name as entry element | HOUSING-DEVELOPMENT |
| 942 ## - ADDED ENTRY ELEMENTS (KOHA) | |
| Suppress in OPAC | 0 |
| Withdrawn status | Lost status | Source of classification or shelving scheme | Damaged status | Not for loan | Home library | Current library | Shelving location | Date acquired | Total Checkouts | Barcode | Date last seen | Copy number | Price effective from | Koha item type |
|---|---|---|---|---|---|---|---|---|---|---|---|---|---|---|
| Dewey Decimal Classification | London | London | News article | 27/08/2003 | 123375-1001 | 06/08/2019 | 1 | 06/08/2019 | News article |